Responses for Show #3245 - Friday, October 16, 1998

Contestants

[<< previous game]

Tim DeLamatre, a multimedia engineer from Mountain View, California

Tammy Talpas, an engineering secretary originally from Austin, Texas

Diane Green, a travel consultant from Seattle, Washington (whose 2-day cash winnings total $24,400)

[next game >>]

Jeopardy! Round responses

BOOKS & AUTHORS
NAME THAT COUNTRY
GAMBLING
RUSSIAN WORDS & PHRASES
PARTS OF THE WHOLE
HORRORS!
    $100 18
(Tim: What is Trinity?)

Exodus

Tim
Triple Stumper
    $100 1
Thailand

Diane
    $100 6
poker

Tammy
    $100 13
grandmother

Tammy
    $100 23
a golf course

Tim
    $100 11
a Gila monster

Tim
    $200 19
Anne Rice

Tammy
    $200 2
Bolivia

Tim
    $200 9
7 or 11

Tim
    $200 14
the Communist Party

Tim
    $200 29
pants

Tammy
    $200 24
Buffy the Vampire Slayer

Tammy
    $300 20
(Tammy: Who is Alex Haley?)
(Diane: Who is Garson Keillor?)
(Alex: What are we going to do, judges? ...That's a no, sorry.)
...
(Alex: You left out one syllable in the name.)

Garrison Keillor

DianeTammyTim
    $300 3
(Tammy: What is Andorra?)

Liechtenstein

DianeTammy
    $300 10
card counting

Tammy
    $300 15
vodka

Tammy
    $300 28
a loom

Tammy
    $900 12
(Tim: What is The Birds?)

Apocalypse Now

Tim
    $400 21
Tom Clancy

Diane
    $400 4
Sudan

Tim
    $400 8
riverboats

Tammy
    $400 16
(Tim: What is a market?)

a line (or a queue)

DianeTim
    $400 27
a light bulb

Tammy
    $400 25
the Munsters (Fred Gwynne & Yvonne de Carlo)

Tammy
    $500 22
Julius & Ethel Rosenberg

Tim
    $500 5
Brunei

Tim
    $500 7
a sulky

Tim
    $500 17
Soyuz

Tim
    $500 30
(Tammy: What is a clock?)
(Alex: Be more specific.)
(Tammy: [No response])
...
(Alex: With all of those things, every clock does not have them.)

a grandfather clock

TammyTim
    $500 26
(Alex: We have less than a minute to go.)

Dr. Jekyll & Mr. Hyde

Tim

Scores at the first commercial break (after clue 12):

Diane Tammy Tim
$400 $500 $1,000

Scores at the end of the Jeopardy! Round:

Diane Tammy Tim
$900 $1,800 $3,100

Double Jeopardy! Round responses

HISTORIC DOCUMENTS
WATERWORKERS
WOMEN WHO STRAYED
SWEET GOSPEL MUSIC
YOU HAVE A PET WHAT?
BARTLETT'S FAMILIAR QUOTATIONS
(Alex: We will give you the quotation, you have to identify the speaker, the one whom the quotation has been attributed.)
    $200 16
George Washington

Diane
    $200 4
Gondolier

Diane
    $200 1
(Tim: What is "Silence?")

"Amazing Grace"

DianeTim
    $200 7
Pig

Tim
    $200 21
Cary Grant

Tim
    $400 17
(Tim: What are the Marksbury rules?)

Marquis of Queensbury Rules

TammyTim
    $400 12
Cabin boy

Tammy
    $400 27
Ingrid Bergman

Diane
    $400 2
House of Blues

Triple Stumper
    $400 8
Python

Tim
    $400 22
Yogi Berra

Diane
    $600 18
a papal encyclical

Tammy
    $600 13
Swabbie

Tim
    $600 26
Henry VIII

Tim
    $600 3
The Prize

Tim
    $600 9
Peacock

Diane
    $1,700 23
(Diane: Who is General Eisenhower?)
...
(Alex: Less than a minute to go.)

William Randolph Hearst

Diane
    $800 19
Medina

Tim
    $800 14
Purser

Tim
    $800 5
(Diane: Who is Chubby Checker?)
(Tim: Who is Fats Domino?)

Sam Cooke

DianeTim
Triple Stumper
    $800 10
Hedgehog

Tammy
    $800 24
Will Rogers

Triple Stumper
    $1000 20
(Tim: What is Greenville?)

Fort Wayne

Tim
Triple Stumper
    $1000 15
(Tim: What is a lanyard?)

Winch

Tim
Triple Stumper
    $1000 28
[The end-of-round signal sounds.]

Lord Hamilton

Triple Stumper
    $1,000 6
(Diane: Who is Clara Ward?)

Mahalia Jackson

Diane
    $1000 11
(Tammy: What is a capybara?)

Beavers

DianeTammy
    $1000 25
Mae West

Tammy

Scores at the end of the Double Jeopardy! Round:

Diane Tammy Tim
$400 $4,000 $3,900

[wagering suggestions for these scores]

Final Jeopardy! Round responses

TELEVISION
(Alex: And it is the reason why in some West Coast cities this program is being seen on Saturday evening instead of Friday evening. In many centers we are pre-empted on Monday night because of the football game.)
...
(Alex: Tammy, we'll see you on Monday except in some cities on the West Coast where we'll see you on Tuesday!)
DianeWhat is Monday Night Football
$400
TimWhat is Monday Night Football?
$3,100
TammyWhat is Monday Night Football?
$3,801
Monday Night Football

Final scores:

Diane Tammy Tim
$800 $7,801 $7,000
3rd place: Festina Chrono Titanium Watches New champion: $7,801 2nd place: Trip to Hotel Melia Victoria, Palmas de Majorca, Spain

Game dynamics:

Coryat scores:

Diane Tammy Tim
$3,100 $4,000 $4,800
11 R,
4 W
(including 2 DDs)
16 R,
4 W
21 R,
8 W
(including 1 DD)

Combined Coryat: $11,900

[game clues] [game scores] [suggest correction]

Game tape date: 1998-08-12
The J! Archive is created by fans, for fans. Scraping, republication, monetization, and malicious use prohibited; this site may use cookies and collect identifying information. See terms. The Jeopardy! game show and all elements thereof, including but not limited to copyright and trademark thereto, are the property of Jeopardy Productions, Inc. and are protected under law. This website is not affiliated with, sponsored by, or operated by Jeopardy Productions, Inc. Join the discussion at JBoard.tv.